| Tag |
First Indicator |
Second Indicator |
Subfields |
| LEADER |
00000cam a2200000 a 4500 |
| 001 |
in00001065521 |
| 005 |
20150929095202.0 |
| 008 |
870923s1987 txua s00010 eng d |
| 035 |
|
|
|a (OCoLC)16734923
|
| 035 |
|
|
|9 AFN3709AM
|
| 040 |
|
|
|a IKM
|c IKM
|d UtOrBLW
|
| 049 |
|
|
|a IKMD
|
| 086 |
|
|
|a B1000.8 B964epc 1987
|2 txdocs
|
| 099 |
|
9 |
|a B1000.8
|a B964epc
|a 1987
|
| 110 |
1 |
|
|a Texas.
|b State Commission for the Blind.
|b Business Enterprises Program.
|
| 245 |
1 |
0 |
|a BEP, Business Enterprises Program :
|b customized food service.
|
| 264 |
|
1 |
|a [Austin, Tex.?] :
|b [State Commission for the Blind, Business Enterprise Program],
|c [1987?]
|
| 300 |
|
|
|a 1 folded sheet (8 pages) :
|b illustrations ;
|c 22 x 9 cm.
|
| 336 |
|
|
|a text
|b txt
|2 rdacontent
|
| 337 |
|
|
|a unmediated
|b n
|2 rdamedia
|
| 338 |
|
|
|a sheet
|b nb
|2 rdacarrier
|
| 500 |
|
|
|a Cover title.
|
| 610 |
1 |
0 |
|a Texas.
|b State Commission for the Blind.
|b Business Enterprises Program.
|
| 650 |
|
0 |
|a Blind
|x Employment
|z Texas.
|
| 650 |
|
0 |
|a Food service
|z Texas.
|
| 740 |
0 |
|
|a Customized food service.
|
| 740 |
0 |
|
|a Business enterprises program : Customized food service.
|
| 999 |
|
|
|a MARS
|
| 999 |
f |
f |
|s 93c5c04c-13a9-3c63-92e5-70bceb128c0f
|i 9b57b58c-72a2-36d1-88fc-d025a9c01583
|t 0
|
| 952 |
f |
f |
|p normal
|a Texas A&M University
|b College Station
|c Sterling C. Evans Library
|d Evans: Texas Documents (Annex 5th floor)
|t 0
|e B1000.8 B964epc 1987
|h Superintendent of Documents classification
|i unmediated -- sheet
|m A14815786472
|
| 998 |
f |
f |
|a B1000.8 B964epc 1987
|t 0
|l Evans: Texas Documents (Annex 5th floor)
|